Airport Codes Chain - Statistics

General Stats
  • This quiz has been taken 38 times
  • The average score is 13 of 20
Answer Stats
Hint Answer Airport Name % Correct
Los Angeles LAX Los Angeles International Airport
100%
Amsterdam AMS Amsterdam Airport Schipol
85%
Dublin DUB Dublin Airport
85%
San Francisco SFO San Francisco International
85%
Paris CDG Charles de Gaulle Airport (Roissy Airport)
79%
London LHR London Heathrow Airport
76%
Zurich ZRH Zurich Airport
73%
Honolulu HNL Honolulu International Airport
70%
Warsaw WAW Warsaw Chopin Airport
70%
Bangkok BKK Suvarnabhumi Airport
67%
Chicago ORD O'Hare International Airport
64%
Kuala Lumpur KUL Kuala Lumpur International Airport
61%
Toronto YYZ Toronto Pearson International Airport
58%
São Paulo GRU São Paulo/Guarulhos International Airport
55%
Geneva GVA Geneva Airport
55%
Porto OPO Francisco de Sá Carneiro Airport
45%
Fort Myers RSW Southwest Florida International Airport
45%
Wellington WLG Wellington Airport
45%
Xi'an XIY Xi'an Xianyang International Airport
36%
Ürümqi URC Ürümqi Diwopu International Airport
24%
No matching quizzes found
Score Distribution
Percent of People with Each Score
Percentile by Number Answered
Your Score History
You have not taken this quiz